Регионална библиотека "Любен Каравелов" - Русе

Срещу всички врагове (Запис номер 112304)

MARC детайли
000 -Лидер
Контролно поле с фиксирана дължина 02055nam a2200397 c 4500
003 - Код на организацията, давaща контролен номер
Контролно поле BLK
005 - Дата и час на последна редакция
Контролно поле 20230708115424.0
008 - Елементи от данни с фиксирана дължина
fixed length control field 180409b bul|||||r ||||||| ||bul||
010 ## - Наследен системен номер
LC control number KNG00117669000
020 ## - Международен стандартен номер на книга ISBN
Международен стандартен номер на книга ISBN 0-9737535-4-4
-- издат.: Hermes Publ. Ltd. - (Canada)
020 ## - Международен стандартен номер на книга ISBN
Международен стандартен номер на книга ISBN 954-328-053-3
-- издат.: Арго Пъблишинг - (Арго Пъблишинг)
040 ## - Източник на каталожния запис
Идентификатор на билиотеката - собственик на записа BLK
041 ## - Код за език
Код за езика на текст/звукозапис или на отделно заглавие Български
Код за езика КДБФ Български
080 ## - УДК
Текстов определител УДК Политическо преследване. Терористични действия. Тероризъм - Атентати, политически убийства. Вж и 343.1 ; 343.3/.7
УДК код - определител по УДК 323.28
УДК определител (100)
УДК - код + определител 323.28(100)
080 ## - УДК
Текстов определител УДК Шпионаж. Политическо влияние чрез тайни (разузнавателни) служби
УДК код - определител по УДК 327.84
УДК определител (73)
УДК - код + определител 327.84(73)
100 1# - Редна дума - Автор
Автор Кларк, Ричард Алан
Авторска отговорност първи автор
R(LIN) 312486
139 ## - Редно поле
Редна дума Кларк, Ричард Алан
Авторски знак Кла - К 63
245 10 - Сведения за заглавието
Заглавие Срещу всички врагове
Подзаглавни данни Войната на Америка срещу терора
Редно поле (дума) Ричард Алан Кларк; прев. от англ. Иван Робанов.
257 ## - Страна на издаване
Страна на създаване/издаване Съединени американски щати
260 ## - Област на издателските данни
-- София
Име на издателя, разпространителя и проч. Hermes Publ. Ltd.
-- Арго Пъблишинг
Година на издаване 2006
Печатница София : Балкан прес
300 ## - Физическа характеристика
Страници 356 с.
Размери/Мащаб 23 см
380 ## - Жанр
Жанр Обществени науки
500 ## - Общи забележки
Забележка Без сведение за ориг. загл. - Иван Робанов - псевд. на Иван Георгиев Димитров.
650 #4 - Допълнително описание по предмет – тема
Основно описание – тема или топоним Тероризъм, международен
9 (RLIN) 272425
650 #4 - Допълнително описание по предмет – тема
Основно описание – тема или топоним САЩ - външна политика
9 (RLIN) 246834
653 ## - Ключова дума – ненормативна
Ключова дума тероризъм
653 ## - Ключова дума – ненормативна
Ключова дума САЩ
653 ## - Ключова дума – ненормативна
Ключова дума външна политика
700 1# - Други автори (авторска отговорност)
Лично име Робанов, Иван
Автороска отговорност (Описва отношението между автора и произведението) прев. от англ.
Друга информация Димитров, Иван Георгиев
9 (RLIN) 365227
852 ## - Местоположение
Форматна сигнатура Цб 227158
856 4# - Електронен адрес и достъп
Електронен формат pdf - файл
Път до файла /url/
856 4# - Електронен адрес и достъп
Електронен формат pdf - файл
Път до файла /url/
942 ## - АРТИКУЛИ
Вид на библиотечния материал Книги
Скрит в OPAC Не
Koha issues (borrowed), all copies 2
944 ## - СЪЗДАВАНЕ И РЕДАКЦИЯ на ЗАПИСА
Създаване/Редакция Създаване
Дата на регистрацията/редакция 05.05.2006
Статус, дата на статуса ф /
Служител, извършил регистрацията/редакцията Валя_Йорданова
944 ## - СЪЗДАВАНЕ И РЕДАКЦИЯ на ЗАПИСА
Създаване/Редакция Редакция
Дата на регистрацията/редакция 29.05.2010
Статус, дата на статуса ф /
Служител, извършил регистрацията/редакцията
999 ## - СИСТЕМНИ КОНТРОЛНИ НОМЕРА
Koha biblionumber 112304
Koha biblioitemnumber 112304
Наличности
Код за отписване Код за изгубен артикул Код за повреда Коз за рестрикции Код за отдаване Артикулен № Име на библиотеката - собственик Име на библиотеката, в която се намира в момента Статус (Текущо местоположение) Дата на вписване в системата Местоположение - отдел Цена в лева Инвентарен номер Систематично азбучна сигнатура Баркод Номер на екземпляра Цена в евро Служебна бележка Служебен тип на артикула
  Не е изгубен Не е повреден без рестрикции заемане за дома 180128 Регионална библиотека "Любен Каравелов" Русе Регионална библиотека "Любен Каравелов" Русе Заемна - подръчен фонд 2010-01-27 Заемна - подръчен фонд 12.00 120000741438 П 323/К 63 120000741438 1 6.14 Дост: DA Вид: А N: 3 Дата: 27.01.2010 Дата инв: 02.02.2018 Бележки инв: П2018 Книги
  Не е изгубен Не е повреден без рестрикции заемане за дома 180129 Регионална библиотека "Любен Каравелов" Русе Регионална библиотека "Любен Каравелов" Русе Заемна - подръчен фонд 2010-01-27 Заемна - подръчен фонд 12.00 120000741439 П 323/К 63 120000741439 2 6.14 Дост: DA Вид: А N: 3 Дата: 27.01.2010 Дата инв: 02.02.2018 Бележки инв: П2018 Книги
  Не е изгубен Не е повреден без рестрикции заемане за дома 180130 Регионална библиотека "Любен Каравелов" Русе Регионална библиотека "Любен Каравелов" Русе Заемна - подръчен фонд 2010-01-27 Заемна - подръчен фонд 12.00 120000741440 П 323/К 63 120000741440 3 6.14 Дост: DA Вид: А N: 3 Дата: 27.01.2010 Дата инв: 02.02.2018 Бележки инв: П2018 Книги
  Не е изгубен Не е повреден без рестрикции ползва се в читалня 180131 Регионална библиотека "Любен Каравелов" Русе Регионална библиотека "Любен Каравелов" Русе Читалня 2010-01-27 Читалня 12.00 120000741441 Ч 32/К 63 120000741441 4 6.14 Дост: DA Вид: А N: 3 Дата: 27.01.2010 Дата инв: 22.03.2017 Бележки инв: Ч2017 Книги
  Не е изгубен Не е повреден без рестрикции ползва се в читалня 180132 Регионална библиотека "Любен Каравелов" Русе Регионална библиотека "Любен Каравелов" Русе Хранилище 2010-02-03 Хранилище 12.00 120000741757 Цб 227158 120000741757 5 6.14 Дост: Dp Вид: Д N: 31 Дата: 22.07.2009 Книги
Vip Innovations Ltd, Rousse, Bulgaria 2025